000 002220000a22000970004500
100 1 _aRanney, Stephen L.
245 1 0 _aTools for reforestation
300 _aNúm 13 (1986), Páginas 36-38
773 0 _tTogether
942 _cANA
999 _c56537
_d56537